000 00573nam a2200193Ia 4500
008 260428s9999 xx 000 0 und d
020 _a9789561423800
082 _a327.83082 R586f 2019
100 _aRíos Llaneza, Macarena
_935832
245 0 _aDe frontera natural a límite político: la demarcación de la puna de Atacama (1881-1905)
260 _aEdiciones Universidad Católica de Chile
260 _bSantiago, Chile
260 _c2019
300 _a298p.
650 _aArgentina
_9120
650 _aChile
_9121
650 _aLímites
_97538
942 _clibro
999 _c20506
_d20506